| 000 | 00475nam a2200169Ia 4500 | ||
|---|---|---|---|
| 999 |
_c19807 _d19807 |
||
| 003 | OSt | ||
| 005 | 20200706103029.0 | ||
| 008 | 190216s9999||||xx |||||||||||||| ||und|| | ||
| 020 | _a0423884204 | ||
| 040 | _coclc | ||
| 082 |
_a942.061 _bRUS/R |
||
| 100 |
_aRussell, Conrad _93539 |
||
| 245 | 4 |
_aThe Regin Of James 1 / _cConrad Russell |
|
| 260 |
_bMethuen & Co, _c1974. _aLondon: |
||
| 300 | _a78p | ||
| 942 |
_cBK _2ddc _h942.061 _iRUS/R _k942.061 _mRUS/R |
||